000 00556nam a2200181 a 4500
001 13686
003 CO-ViMGA
008 141112s2004 ck r 000 u spa d
020 _a0256058032
040 _aCO-ViMGA
_bspa
_cCO-ViMGA
082 0 4 _aMEVIECAR.64 O274i
100 1 _aO'Brien, James A.
_919974
245 1 0 _aInformation systems in business management
650 1 4 _aPROCESAMIENTO ELECTRONICO DE DATOS
_919975
650 1 4 _aSISTEMAS DE ALMACENAMIENTOY RECUPERACION DE INFORMACION
_919976
650 1 4 _aSISTEMAS DE INFORMACION
_953407
942 _2ddc
_cBK
999 _c24409
_d24409